Kontejnery ano či ne? Exportní balení strojírenských výrobků

Prednosti a výhody kontejnerovej prepravy pri vývoze tovaru. Čo ovplyvňuje výrobcu pri rozhodovaní sa medzi kontejnermi a prepravnými debnami. Klady a zápory vývozu v kontejneroch.

Enregistré dans:
Détails bibliographiques
Auteur principal: Kubeš, J.
Format: Chapitre de livre
Langue:tchèque
Sujets:
Tags: Ajouter un tag
Pas de tags, Soyez le premier à ajouter un tag!

MARC

LEADER 00000naa a2200000 4500
001 r021269
005 20230522112145.7
041 0 |a cze 
044 |a CZ 
245 1 0 |a Kontejnery ano či ne?  |b Exportní balení strojírenských výrobků  |c J. Kubeš 
520 |a Prednosti a výhody kontejnerovej prepravy pri vývoze tovaru. Čo ovplyvňuje výrobcu pri rozhodovaní sa medzi kontejnermi a prepravnými debnami. Klady a zápory vývozu v kontejneroch. 
610 2 0 |a kontajnery 
610 2 0 |a obaly 
610 2 0 |a technika obalová 
610 2 0 |a balenie 
610 2 0 |a preprava 
610 2 0 |a vývoz 
100 1 |a Kubeš, J.